00985nam a2200277Ia 4500020001800000020001500018040000800033082002600041245007900067260007500146300007200221490003500293500006000328650002200388650002000410650002000430650002800450650002200478650002000500650002000520650002800540650002200568650002800590700002900618710006000647 a9789251058954 a9251058954 cWAU a639 FOO 2007 A090 Or.00aAssessment of freshwater fish seed resources for sustainable aquaculture / aRome :bFood and Agriculture Organization of the United Nations,c2007 axxxvii, 628 p. :bill. (chiefly col.), maps (chiefly col.) ;c30 cm1 aFAO fisheries technical paper, aProceedings held in Wuxi, China, from March 23-26, 2006 0aFishery resources 0aHatchery fishes 0aHatchery fishes 0aSustainable aquaculture 0aFishery resources 0aHatchery fishes 0aHatchery fishes 0aSustainable aquaculture 0aFishery resources 0aSustainable aquaculture1 aBondad-Reantaso, Melba G2 aFood and Agriculture Organization of the United Nations